| 000 | 00540nam a2200217Ia 4500 | ||
|---|---|---|---|
| 005 | 20230102114819.0 | ||
| 008 | 131103s9999 xx 000 0 und d | ||
| 040 | _aLoreto College | ||
| 041 | _aEnglish | ||
| 082 |
_a822.09 _bELL |
||
| 100 | _aEllis-Fermor, Una | ||
| 245 | 4 |
_aThe Frontier of drama _cUna Ellis-Fermor |
|
| 250 | _a2nd ed. | ||
| 260 |
_aLondon _bMethuen _c1946 |
||
| 300 | _avii,154 p. | ||
| 504 | _aIncludes index | ||
| 650 | _aEnglish Drama | ||
| 651 | _aDrama - Critical Study | ||
| 850 | _aLCLIB | ||
| 942 | _cBK | ||
| 999 |
_c6685 _d57164 |
||